[Event "Benimodo Igualtat"]
[Site "Benimodo"]
[Date "2018.08.15"]
[Round "3.1"]
[White "Navarrete Espi, Samuel"]
[Black "Granero Roca, Antonio"]
[Result "1-0"]
[WhiteElo "2231"]
[BlackElo "2383"]
[PlyCount "57"]
[EventDate "2018.08.14"]
[EventType "swiss"]
[EventRounds "7"]
[EventCountry "ESP"]
[SourceTitle "EXT 2024"]
[Source "ChessBase"]
[SourceDate "2023.10.10"]
[SourceVersion "1"]
[SourceVersionDate "2023.10.10"]
[SourceQuality "1"]

1. e4 c6 2. d4 d5 3. Nc3 dxe4 4. Nxe4 Bf5 5. Ng3 Bg6 6. h4 h6 7. Nf3 Nd7 8. h5 Bh7 9. Bd3 Bxd3 10. Qxd3 Ngf6 11. Bd2 e6 12. 0-0-0 Be7 13. Ne4 Nxe4 14. Qxe4 Nf6 15. Qd3 Qd5 16. c4 Qe4 17. Qb3 0-0-0 18. Rhe1 Qf5 19. Re5 Qg4 20. Ra5 Kb8 21. Ne5 Qxg2 22. f3 Rc8 23. Bf4 Bd6 24. c5 Bxe5 25. Bxe5+ Rc7 26. Rxa7 Kxa7 27. Qb6+ Ka8 28. Qa5+ Kb8 29. Qxc7+ 1-0

[Event "ESP-chT CECLUB Div2"]
[Site "Linares"]
[Date "2016.08.17"]
[Round "2"]
[White "Buendia Pinar, Alvaro"]
[Black "Navarrete Espi, Samuel"]
[Result "1-0"]
[WhiteElo "2298"]
[BlackElo "2227"]
[PlyCount "99"]
[EventDate "2016.08.16"]
[EventType "team"]
[EventRounds "6"]
[EventCountry "ESP"]
[SourceTitle "CBM 174 Extra"]
[Source "ChessBase"]
[SourceDate "2016.10.10"]
[SourceVersion "1"]
[SourceVersionDate "2016.10.10"]
[SourceQuality "1"]
[WhiteTeam "Excalibur"]
[BlackTeam "Mislata"]
[WhiteTeamCountry "ESP"]
[BlackTeamCountry "ESP"]

1. d4 Nf6 2. c4 g6 3. Nf3 Bg7 4. g3 0-0 5. Bg2 d6 6. Nc3 Nbd7 7. 0-0 e5 8. dxe5 dxe5 9. Qc2 c6 10. Rd1 Qe7 11. e4 b6 12. b3 Re8 13. a4 a5 14. Ba3 Nc5 15. Qe2 Bf8 16. h3 Qc7 17. Qc2 Nh5 18. b4 axb4 19. Bxb4 Ng7 20. Ba3 Nge6 21. Bb2 f6 22. Ne2 Qa7 23. Ne1 Qa6 24. f4 Nxa4 25. fxe5 fxe5 26. Nf3 Qa5 27. Bxe5 Qc5+ 28. Kh2 b5 29. Rdc1 Bh6 30. Nf4 Nxf4 31. Bxf4 Bxf4 32. gxf4 Qe3 33. Qd2 Qxd2 34. Nxd2 Rb8 35. e5 Rd8 36. Ne4 Nb6 37. cxb5 cxb5 38. Ra7 Nd5 39. Rd1 Rb7 40. Rxb7 Bxb7 41. Nf6+ Kf7 42. Nxd5 b4 43. Ne3 Rxd1 44. Nxd1 Ba6 45. Kg3 Ke6 46. Ne3 Bd3 47. Bd5+ Ke7 48. Bb3 Be4 49. Nd5+ Ke6 50. Nf6+ 1-0

[Event "ESP-ch 81st"]
[Site "Linares"]
[Date "2016.08.08"]
[Round "4"]
[White "Tejedor Fuente, Enrique"]
[Black "Navarrete Espi, Samuel"]
[Result "0-1"]
[WhiteElo "2377"]
[BlackElo "2227"]
[PlyCount "184"]
[EventDate "2016.08.05"]
[EventType "swiss"]
[EventRounds "9"]
[EventCountry "ESP"]
[SourceTitle "CBM 173 Extra"]
[Source "ChessBase"]
[SourceDate "2016.08.29"]
[SourceVersion "1"]
[SourceVersionDate "2016.08.29"]
[SourceQuality "1"]

1. e4 e5 2. Nf3 Nc6 3. Bb5 a6 4. Ba4 f5 5. d3 fxe4 6. dxe4 Nf6 7. Qe2 d6 8. c3 Be7 9. Nbd2 Bg4 10. h3 Bh5 11. Nf1 Qd7 12. Ng3 Bg6 13. Nh4 Nxe4 14. Nxg6 Nxg3 15. Qd3 Nxh1 16. Nxh8 e4 17. Qd5 0-0-0 18. Bd1 Ne5 19. Nf7 Nxf2 20. Nxd8 Nfd3+ 21. Ke2 Bxd8 22. Qxe4 Qb5 23. c4 Qb4 24. Kf1 d5 25. Bg4+ Kb8 26. Qe2 dxc4 27. Kg1 Bf6 28. Bf5 Qb6+ 29. Kh2 Qd6 30. g3 Qd5 31. Be4 Qd4 32. Rb1 Nxc1 33. Rxc1 Nd3 34. Rxc4 Qxc4 35. b3 Qc1 36. Qxd3 Qe1 37. Kg2 h6 38. Qd5 Qe2+ 39. Kg1 Qe3+ 40. Kh2 c6 41. Qd6+ Ka7 42. Bg2 Bd4 43. h4 Be5 44. Qg6 Kb6 45. Kh3 Kc5 46. Qg4 h5 47. Qg6 Kb4 48. Be4 Bxg3 49. Qxg3 Qxe4 50. Qd6+ Kc3 51. Qc5+ Kb2 52. Qxh5 Kxa2 53. Qf7 b5 54. h5 Qd5 55. Qe7 Qxh5+ 56. Kg3 Qg6+ 57. Kh3 Kxb3 58. Qe3+ Kc4 59. Qf4+ Kd5 60. Qd2+ Ke5 61. Qc3+ Kd5 62. Qd2+ Kc5 63. Qc3+ Kb6 64. Qd4+ c5 65. Qd8+ Kc6 66. Qa8+ Kd7 67. Qb7+ Ke8 68. Qc8+ Kf7 69. Qc7+ Kf6 70. Qd6+ Kg5 71. Qd2+ Kh5 72. Qe2+ Kh6 73. Qe3+ Qg5 74. Qe6+ g6 75. Qxa6 c4 76. Qa1 Qf5+ 77. Kg3 Qd3+ 78. Kf4 c3 79. Qh1+ Kg7 80. Qb7+ Kf6 81. Qc6+ Ke7 82. Qc7+ Ke6 83. Qc8+ Kd5 84. Qa8+ Kc5 85. Qa3+ Kd5 86. Qa8+ Kc4 87. Qa2+ Kb4 88. Ke5 c2 89. Qb2+ Kc5 90. Ke6 Qe3+ 91. Kf7 c1Q 92. Qg2 Qc4+ 0-1

[Event "ESP-ch U18"]
[Site "Salobrena"]
[Date "2015.07.31"]
[Round "7"]
[White "Suarez Gomez, Julio"]
[Black "Navarrete Espi, Samuel"]
[Result "1-0"]
[WhiteElo "2400"]
[BlackElo "2329"]
[PlyCount "71"]
[EventDate "2015.07.27"]
[EventType "swiss"]
[EventRounds "9"]
[EventCountry "ESP"]
[SourceTitle "EXT 2016"]
[Source "ChessBase"]
[SourceDate "2015.10.08"]
[SourceVersion "1"]
[SourceVersionDate "2015.10.08"]
[SourceQuality "1"]

1. e4 e5 2. Nf3 Nc6 3. Bb5 a6 4. Bxc6 dxc6 5. 0-0 f6 6. d4 Bg4 7. c3 Bd6 8. Nbd2 Ne7 9. h3 Bh5 10. dxe5 fxe5 11. Nc4 Bxf3 12. Qxf3 Ng6 13. Be3 Qe7 14. Rad1 Nf4 15. Bxf4 0-0 16. Qd3 exf4 17. Nxd6 cxd6 18. Qxd6 Qxe4 19. Rfe1 Qf5 20. Qd7 Qf6 21. Qe7 Qg6 22. Rd6 Qh5 23. Rd7 Rf7 24. Qe6 Qf5 25. Qxf5 Rxf5 26. Ree7 Rg5 27. Rxb7 Rd8 28. Rbd7 Rb8 29. b3 a5 30. Rf7 Re8 31. Rxf4 Re1+ 32. Kh2 h6 33. h4 Rg6 34. h5 Rg5 35. Rd8+ Kh7 36. g4 1-0

[Event "ESP-ch U18"]
[Site "Salobrena"]
[Date "2015.07.29"]
[Round "4"]
[White "Navarrete Espi, Samuel"]
[Black "Garcia Castany Musellas, Gal La"]
[Result "1-0"]
[WhiteElo "2329"]
[BlackElo "2034"]
[PlyCount "63"]
[EventDate "2015.07.27"]
[EventType "swiss"]
[EventRounds "9"]
[EventCountry "ESP"]
[SourceTitle "EXT 2016"]
[Source "ChessBase"]
[SourceDate "2015.10.08"]
[SourceVersion "1"]
[SourceVersionDate "2015.10.08"]
[SourceQuality "1"]

1. e4 e5 2. Nc3 Nf6 3. Bc4 Bb4 4. Qf3 d6 5. h3 Nc6 6. Nge2 a6 7. 0-0 0-0 8. d3 Bxc3 9. Nxc3 Nd4 10. Qd1 b5 11. Bb3 h6 12. f4 Bb7 13. Ne2 Nxb3 14. axb3 Qe8 15. Qe1 Bc8 16. Qh4 Nh7 17. Be3 exf4 18. Nxf4 c6 19. Nh5 Qe5 20. c3 f6 21. Bf4 Qe6 22. Qg3 g5 23. Bxd6 Rd8 24. Bc5 Qf7 25. Qf3 f5 26. exf5 Qd5 27. Qf2 Qxd3 28. f6 Kf7 29. Rae1 Kg6 30. Ng3 Qd5 31. Re7 Rg8 32. Qc2+ 1-0

[Event "ESP-ch U18"]
[Site "Salobrena"]
[Date "2015.07.27"]
[Round "2"]
[White "Navarrete Espi, Samuel"]
[Black "Prado Acebo, Ines"]
[Result "1-0"]
[WhiteElo "2329"]
[BlackElo "2029"]
[PlyCount "47"]
[EventDate "2015.07.27"]
[EventType "swiss"]
[EventRounds "9"]
[EventCountry "ESP"]
[SourceTitle "EXT 2016"]
[Source "ChessBase"]
[SourceDate "2015.10.08"]
[SourceVersion "1"]
[SourceVersionDate "2015.10.08"]
[SourceQuality "1"]

1. e4 c5 2. Nf3 e6 3. d4 cxd4 4. Nxd4 a6 5. Nc3 Qc7 6. Bd3 Nf6 7. Qe2 d6 8. f4 Nbd7 9. Bd2 Be7 10. g4 Nc5 11. g5 Nfd7 12. 0-0 b5 13. b4 Nxd3 14. cxd3 Bb7 15. Rac1 Qd8 16. f5 e5 17. Ne6 fxe6 18. Qh5+ g6 19. fxg6 Qb6+ 20. Kh1 Kd8 21. g7 Re8 22. Qxe8+ Kxe8 23. g8Q+ Nf8 24. g6 1-0

[Event "ESP-ch U18"]
[Site "Salobrena"]
[Date "2015.07.27"]
[Round "1"]
[White "Sanchez Ruesga, Carlos"]
[Black "Navarrete Espi, Samuel"]
[Result "0-1"]
[WhiteElo "1933"]
[BlackElo "2329"]
[PlyCount "78"]
[EventDate "2015.07.27"]
[EventType "swiss"]
[EventRounds "9"]
[EventCountry "ESP"]
[SourceTitle "EXT 2016"]
[Source "ChessBase"]
[SourceDate "2015.10.08"]
[SourceVersion "1"]
[SourceVersionDate "2015.10.08"]
[SourceQuality "1"]

1. e4 e5 2. Nf3 Nc6 3. Bb5 Bc5 4. 0-0 Qf6 5. Nc3 Nge7 6. d3 h6 7. Ne2 0-0 8. c3 Bb6 9. Ng3 Ng6 10. Be3 d6 11. h3 Nd8 12. Nh2 Nf4 13. Nh5 Qg5 14. Nxf4 exf4 15. Bxb6 axb6 16. Bc4 Bxh3 17. Qf3 Be6 18. Bxe6 fxe6 19. d4 h5 20. Qh3 Qg6 21. Rfe1 Ra5 22. Nf3 Nf7 23. e5 dxe5 24. dxe5 Qg4 25. Nd4 Qxh3 26. gxh3 Nxe5 27. Re4 Rf6 28. Rae1 Nd3 29. R1e2 Rg6+ 30. Kh2 Rag5 31. f3 e5 32. Nb5 c6 33. Na7 Rg3 34. Nc8 Kf7 35. Nxb6 Rxf3 36. Rg2 Rxg2+ 37. Kxg2 Rg3+ 38. Kf1 Rxh3 39. Nc4 Ke6 0-1

[Event "ESP-ch 79th"]
[Site "Linares"]
[Date "2014.08.28"]
[Round "4"]
[White "Navarrete Espi, Samuel"]
[Black "Riera Morilla, Elizabeth"]
[Result "1-0"]
[WhiteElo "2245"]
[BlackElo "1976"]
[PlyCount "67"]
[EventDate "2014.08.25"]
[EventType "swiss"]
[EventRounds "9"]
[EventCountry "ESP"]
[SourceTitle "CBM 162 Extra"]
[Source "ChessBase"]
[SourceDate "2014.10.17"]
[SourceVersion "1"]
[SourceVersionDate "2014.10.17"]
[SourceQuality "1"]

1. e4 c5 2. Nf3 Nc6 3. d4 cxd4 4. Nxd4 g6 5. c4 Bg7 6. Be3 Nf6 7. Nc3 d6 8. f3 Nxd4 9. Qxd4 0-0 10. Qd2 Be6 11. Bd3 Rc8 12. Nd5 Nd7 13. Rc1 b5 14. 0-0 Ne5 15. cxb5 Bxd5 16. exd5 Rxc1 17. Rxc1 Nxd3 18. Qxd3 Qa5 19. Qb3 Rb8 20. a4 h5 21. Qa3 Ra8 22. b4 Qd8 23. Qb3 Rc8 24. Rc6 Kh7 25. Bxa7 e6 26. dxe6 Rxc6 27. bxc6 Qa8 28. Qe3 Qxc6 29. e7 Qe8 30. b5 d5 31. b6 d4 32. Qe1 Bh6 33. b7 Bf4 34. Bxd4 1-0

[Event "ESP-chT CECLUB Div2"]
[Site "Linares"]
[Date "2014.08.22"]
[Round "6.2"]
[White "Navarrete Espi, Samuel"]
[Black "Napoli, Nicolo"]
[Result "1-0"]
[WhiteElo "2245"]
[BlackElo "2315"]
[PlyCount "57"]
[EventDate "2014.08.18"]
[EventType "team-swiss"]
[EventRounds "6"]
[EventCountry "ESP"]
[SourceTitle "CBM 162 Extra"]
[Source "ChessBase"]
[SourceDate "2014.10.17"]
[SourceVersion "1"]
[SourceVersionDate "2014.10.17"]
[SourceQuality "1"]
[WhiteTeam "Mislata"]
[BlackTeam "Villalba 64"]
[WhiteTeamCountry "ESP"]
[BlackTeamCountry "ESP"]

1. e4 e6 2. d4 d5 3. Nc3 Nf6 4. e5 Nfd7 5. f4 c5 6. Nf3 Nc6 7. Be3 a6 8. Qd2 b5 9. dxc5 Bxc5 10. Ne2 Qb6 11. Bxc5 Nxc5 12. Ned4 Ne4 13. Qe3 Bb7 14. Bd3 Qa5+ 15. c3 b4 16. 0-0 bxc3 17. bxc3 Ne7 18. Ng5 Rc8 19. Rab1 Ba8 20. f5 Nxg5 21. Qxg5 Qxc3 22. Qe3 0-0 23. fxe6 fxe6 24. Rxf8+ Kxf8 25. Nxe6+ Kg8 26. Qh3 Ng6 27. Ng5 Nf8 28. Bxh7+ Kh8 29. Nf7# 1-0

[Event "ESP-chT CECLUB Div2"]
[Site "Linares"]
[Date "2014.08.21"]
[Round "5.4"]
[White "Fernandez Torre, Ivan"]
[Black "Navarrete Espi, Samuel"]
[Result "1-0"]
[WhiteElo "2233"]
[BlackElo "2245"]
[PlyCount "45"]
[EventDate "2014.08.18"]
[EventType "team-swiss"]
[EventRounds "6"]
[EventCountry "ESP"]
[SourceTitle "CBM 162 Extra"]
[Source "ChessBase"]
[SourceDate "2014.10.17"]
[SourceVersion "1"]
[SourceVersionDate "2014.10.17"]
[SourceQuality "1"]
[WhiteTeam "Covadonga Cultura"]
[BlackTeam "Mislata"]
[WhiteTeamCountry "ESP"]
[BlackTeamCountry "ESP"]

1. d4 Nf6 2. Nf3 g6 3. c4 Bg7 4. Nc3 0-0 5. g3 c6 6. Bg2 d6 7. 0-0 Qb6 8. h3 Qa6 9. Nd2 Nbd7 10. e4 Rb8 11. a4 b5 12. axb5 Qxa1 13. Nb3 Qxc1 14. Qxc1 cxb5 15. cxb5 a6 16. Na5 axb5 17. Nc6 Rb6 18. Nxe7+ Kh8 19. Ncd5 Nxd5 20. Nxc8 Nb4 21. Nxb6 Nxb6 22. Qc3 Na6 23. Qa5 1-0

[Event "San Sebastian op 37th"]
[Site "San Sebastian"]
[Date "2014.04.16"]
[Round "6"]
[White "Navarrete Espi, Samuel"]
[Black "Cifuentes Parada, Roberto"]
[Result "1/2-1/2"]
[WhiteElo "2218"]
[BlackElo "2458"]
[PlyCount "44"]
[EventDate "2014.04.12"]
[EventType "swiss"]
[EventRounds "9"]
[EventCountry "ESP"]
[SourceTitle "CBM 159 Extra"]
[Source "ChessBase"]
[SourceDate "2014.04.24"]
[SourceVersion "1"]
[SourceVersionDate "2014.04.24"]
[SourceQuality "1"]

1. e4 c5 2. Nf3 e6 3. d4 cxd4 4. Nxd4 Nf6 5. Nc3 Bb4 6. e5 Nd5 7. Bd2 Nxc3 8. bxc3 Be7 9. Qg4 g6 10. Qg3 Nc6 11. h4 Qb6 12. Nb5 a6 13. Nd6+ Bxd6 14. exd6 Qb2 15. Rd1 Qxa2 16. h5 Qd5 17. hxg6 fxg6 18. Rxh7 Rxh7 19. Qxg6+ Rf7 20. Qg8+ Rf8 21. Qg6+ Rf7 22. Qg8+ Rf8 1/2-1/2

[Event "Roquetas de Mar op 25th"]
[Site "Roquetas de Mar"]
[Date "2014.01.03"]
[Round "2"]
[White "Ducarmon, Quinten"]
[Black "Navarrete Espi, Samuel"]
[Result "1-0"]
[WhiteElo "2456"]
[BlackElo "2223"]
[PlyCount "85"]
[EventDate "2014.01.02"]
[EventType "swiss"]
[EventRounds "9"]
[EventCountry "ESP"]
[SourceTitle "CBM 158 Extra"]
[Source "ChessBase"]
[SourceDate "2014.02.28"]
[SourceVersion "1"]
[SourceVersionDate "2014.02.28"]
[SourceQuality "1"]

1. e4 e5 2. Nf3 Nc6 3. Nc3 Nf6 4. Bb5 Bb4 5. 0-0 0-0 6. d3 d6 7. Bg5 Bxc3 8. bxc3 Ne7 9. Nh4 c6 10. Ba4 Ng6 11. Bb3 Kh8 12. Nxg6+ fxg6 13. f3 Qe7 14. d4 Be6 15. Qd2 h6 16. Be3 Rfd8 17. Qf2 b6 18. Qg3 Bxb3 19. axb3 g5 20. Rae1 c5 21. h4 Nh5 22. Qg4 Nf6 23. Qh3 gxh4 24. Qxh4 Rac8 25. dxe5 dxe5 26. c4 Rc7 27. Bc1 Rcd7 28. f4 exf4 29. Bb2 Ng8 30. Qxf4 Rd2 31. Rf2 Rd1 32. Ref1 R8d7 33. Bc3 Qe6 34. Qf3 Rxf1+ 35. Rxf1 Re7 36. e5 Qg6 37. Qd5 Kh7 38. Rf8 Re6 39. Qd7 Ne7 40. Rf6 Rxf6 41. exf6 Nf5 42. f7 Ne3 43. f8N+ 1-0

[Event "ESP-ch 78th"]
[Site "Linares"]
[Date "2013.09.06"]
[Round "9"]
[White "Navarrete Espi, Samuel"]
[Black "Valero Gutierrez, Alvaro"]
[Result "1-0"]
[WhiteElo "2214"]
[BlackElo "1886"]
[PlyCount "45"]
[EventDate "2013.08.29"]
[EventType "swiss"]
[EventRounds "9"]
[EventCountry "ESP"]
[SourceTitle "CBM 156 Extra"]
[Source "ChessBase"]
[SourceDate "2013.10.22"]
[SourceVersion "1"]
[SourceVersionDate "2013.10.22"]
[SourceQuality "1"]

1. e4 d6 2. d4 Nf6 3. Nc3 Nbd7 4. Nf3 e5 5. Bc4 h6 6. 0-0 c6 7. a4 a5 8. Re1 Be7 9. b3 Qc7 10. Ba3 Nf8 11. d5 g5 12. Nxe5 dxe5 13. d6 Qd7 14. dxe7 Ng6 15. Nd5 Nxd5 16. exd5 Rh7 17. dxc6 bxc6 18. Qf3 Bb7 19. Rad1 Qc7 20. Be6 c5 21. Qd3 Kxe7 22. Bxf7 Rxf7 23. Qxg6 1-0

[Event "La Roda op 40th"]
[Site "La Roda"]
[Date "2013.03.30"]
[Round "6"]
[White "Navarrete Espi, Samuel"]
[Black "Libiszewski, Fabien"]
[Result "0-1"]
[WhiteElo "2180"]
[BlackElo "2518"]
[PlyCount "144"]
[EventDate "2013.03.27"]
[EventType "swiss"]
[EventRounds "9"]
[EventCountry "ESP"]
[SourceTitle "CBM 153 Extra"]
[Source "ChessBase"]
[SourceDate "2013.04.22"]
[SourceVersion "1"]
[SourceVersionDate "2013.04.22"]
[SourceQuality "1"]

1. e4 c5 2. Nf3 Nc6 3. d4 cxd4 4. Nxd4 e5 5. Nb5 d6 6. c4 Be7 7. N1c3 a6 8. Na3 Be6 9. Be2 Nf6 10. Be3 0-0 11. 0-0 Rc8 12. f3 Nh5 13. Nd5 Bg5 14. Bb6 Qe8 15. g3 Bh3 16. Rf2 Bd8 17. Be3 Nf6 18. Nb6 Bxb6 19. Bxb6 Qe7 20. Nc2 Nd7 21. Be3 Nc5 22. b4 Ne6 23. b5 Na5 24. Qd5 axb5 25. Qxb5 Nc6 26. Rb1 Rc7 27. Bb6 Rd7 28. Ne3 Ned4 29. Nd5 Qg5 30. Qb2 Qg6 31. c5 f5 32. cxd6 fxe4 33. Bxd4 exd4 34. Ne7+ Nxe7 35. dxe7 Rxe7 36. Bc4+ Be6 37. Bxe6+ Qxe6 38. fxe4 Rxf2 39. Qxf2 Qxe4 40. Rf1 h6 41. Qf8+ Kh7 42. Qf5+ Qxf5 43. Rxf5 d3 44. Rd5 Re1+ 45. Kf2 Re2+ 46. Kf3 Rxh2 47. Rxd3 Rxa2 48. Rb3 Ra7 49. Rb6 Kg8 50. Kf4 Kf8 51. g4 Ke8 52. Kf5 Kd8 53. Kg6 Ra4 54. g5 Kc7 55. Rb3 hxg5 56. Kxg5 Ra6 57. Kf5 Rc6 58. Ke5 Rc5+ 59. Kd4 b6 60. Rg3 g5 61. Rh3 Kc6 62. Rh6+ Kb5 63. Rg6 Rc4+ 64. Kd3 g4 65. Kd2 Kc5 66. Kd3 b5 67. Kd2 Kb4 68. Rg5 Rd4+ 69. Kc2 Kc4 70. Rg8 b4 71. Rc8+ Kd5 72. Rg8 Ke5 0-1

[Event "Cullera Masters 29th"]
[Site "Cullera"]
[Date "2012.08.31"]
[Round "9"]
[White "Navarrete Espi, Samuel"]
[Black "Montoliu Cervero, Francisco"]
[Result "1-0"]
[WhiteElo "2176"]
[BlackElo "2270"]
[PlyCount "59"]
[EventDate "2012.08.25"]
[EventType "tourn"]
[EventRounds "9"]
[EventCountry "ESP"]
[EventCategory "3"]
[SourceTitle "CBM 150 Extra"]
[Source "ChessBase"]
[SourceDate "2012.10.19"]
[SourceVersion "1"]
[SourceVersionDate "2012.10.19"]
[SourceQuality "1"]

1. e4 c5 2. Nf3 d6 3. d4 cxd4 4. Nxd4 Nf6 5. Nc3 a6 6. Be3 e6 7. f3 b5 8. Qd2 b4 9. Na4 Nbd7 10. 0-0-0 Qa5 11. b3 Bb7 12. Kb1 Nc5 13. a3 Nxa4 14. axb4 Qc7 15. bxa4 Nd7 16. a5 d5 17. Bf4 e5 18. Bg3 Qc8 19. exd5 exd4 20. Qxd4 Be7 21. Qxg7 Bf6 22. Re1+ Kd8 23. Bh4 Qc3 24. Qxh8+ Kc7 25. Bg3+ Ne5 26. Bxe5+ Qxe5 27. Rxe5 Rxh8 28. Rf5 Bc3 29. Rxf7+ Kb8 30. Bc4 1-0

[Event "Cullera Masters 29th"]
[Site "Cullera"]
[Date "2012.08.27"]
[Round "4"]
[White "Garcia, Jhon"]
[Black "Navarrete Espi, Samuel"]
[Result "1-0"]
[WhiteElo "2365"]
[BlackElo "2176"]
[PlyCount "57"]
[EventDate "2012.08.25"]
[EventType "tourn"]
[EventRounds "9"]
[EventCountry "ESP"]
[EventCategory "3"]
[SourceTitle "CBM 150 Extra"]
[Source "ChessBase"]
[SourceDate "2012.10.19"]
[SourceVersion "1"]
[SourceVersionDate "2012.10.19"]
[SourceQuality "1"]

1. d4 Nf6 2. c4 g6 3. g3 Bg7 4. Bg2 0-0 5. Nf3 c6 6. 0-0 d6 7. Nc3 Qb6 8. e4 Bg4 9. h3 Bxf3 10. Bxf3 c5 11. e5 Nfd7 12. Nd5 Qd8 13. Bg5 f6 14. exf6 exf6 15. Bf4 Nb6 16. dxc5 dxc5 17. Nc7 Nc6 18. Nxa8 Qxa8 19. Bxc6 bxc6 20. Qd6 Qc8 21. Qxc5 Qxh3 22. Qxc6 Rc8 23. Qg2 Qg4 24. b3 g5 25. Be3 f5 26. Rad1 Qh5 27. c5 f4 28. cxb6 fxe3 29. Qd5+ 1-0

[Event "Cullera Masters 29th"]
[Site "Cullera"]
[Date "2012.08.25"]
[Round "1"]
[White "Navarrete Espi, Samuel"]
[Black "Camarena Gimenez, Rufino"]
[Result "0-1"]
[WhiteElo "2176"]
[BlackElo "2396"]
[PlyCount "92"]
[EventDate "2012.08.25"]
[EventType "tourn"]
[EventRounds "9"]
[EventCountry "ESP"]
[EventCategory "3"]
[SourceTitle "CBM 150 Extra"]
[Source "ChessBase"]
[SourceDate "2012.10.19"]
[SourceVersion "1"]
[SourceVersionDate "2012.10.19"]
[SourceQuality "1"]

1. e4 e6 2. d4 d5 3. Nc3 Nf6 4. e5 Nfd7 5. f4 c5 6. Nf3 Nc6 7. Be3 Be7 8. Qd2 0-0 9. Be2 b6 10. 0-0 f5 11. exf6 Nxf6 12. Rad1 Ng4 13. Kh1 Nxe3 14. Qxe3 Qd6 15. Bb5 cxd4 16. Nxd4 Nxd4 17. Qxd4 Qc5 18. Qd2 Bf6 19. Bd3 Bd7 20. Ne2 Bxb2 21. c3 Ba3 22. Qc2 h6 23. Nd4 Qe7 24. Rde1 Qf6 25. Qb3 Bd6 26. f5 Qh4 27. Nf3 Qh5 28. h3 Bg3 29. Re3 Rxf5 30. Bxf5 Qxf5 31. Qb1 Qxb1 32. Rxb1 Rc8 33. Nd4 Bf4 34. Rf3 e5 35. Ne2 Bf5 36. Rd1 Bc2 37. Rxd5 Be4 38. Nxf4 exf4 39. Rfd3 Bxd5 40. Rxd5 Rxc3 41. a4 f3 42. gxf3 Rxf3 43. Kg2 Ra3 44. Rd4 Kh7 45. Rf4 Kg6 46. h4 Kh5 0-1

[Event "Almansa op 7th"]
[Site "Almansa"]
[Date "2012.08.10"]
[Round "7"]
[White "Jimenez Martinez, Jose Vicente"]
[Black "Navarrete Espi, Samuel"]
[Result "1-0"]
[WhiteElo "2285"]
[BlackElo "2176"]
[PlyCount "85"]
[EventDate "2012.08.07"]
[EventType "swiss"]
[EventRounds "9"]
[EventCountry "ESP"]
[SourceTitle "CBM 149 Extra"]
[Source "ChessBase"]
[SourceDate "2012.08.24"]
[SourceVersion "1"]
[SourceVersionDate "2012.08.24"]
[SourceQuality "1"]

1. d4 Nf6 2. c4 g6 3. Nc3 Bg7 4. e4 d6 5. f3 0-0 6. Be3 Nc6 7. Nge2 a6 8. Qd2 Rb8 9. h4 h5 10. Rc1 Bd7 11. b3 b5 12. cxb5 axb5 13. d5 Ne5 14. Nd4 e6 15. Bxb5 exd5 16. Bxd7 Qxd7 17. exd5 Rfe8 18. 0-0 Qe7 19. Bg5 Qf8 20. Rfe1 Nfd7 21. Nc6 Nxc6 22. dxc6 Ne5 23. Nd5 f6 24. Bf4 Qf7 25. Red1 Rb5 26. b4 g5 27. Bxe5 Rxe5 28. Nxc7 Qxc7 29. Qxd6 Qb6+ 30. Kh2 Bf8 31. Qxf6 Qf2 32. Qg6+ Kh8 33. Qxh5+ Kg8 34. c7 Rxb4 35. Qg6+ Kh8 36. Qf6+ Kg8 37. Qxf8+ Kxf8 38. c8Q+ Re8 39. Qf5+ Kg8 40. Qxg5+ Kf8 41. Qf6+ Kg8 42. Qg6+ Kf8 43. Qd6+ 1-0

[Event "Almansa op 7th"]
[Site "Almansa"]
[Date "2012.08.10"]
[Round "6"]
[White "Navarrete Espi, Samuel"]
[Black "Varga, Mariano"]
[Result "1-0"]
[WhiteElo "2176"]
[BlackElo "2103"]
[PlyCount "61"]
[EventDate "2012.08.07"]
[EventType "swiss"]
[EventRounds "9"]
[EventCountry "ESP"]
[SourceTitle "CBM 149 Extra"]
[Source "ChessBase"]
[SourceDate "2012.08.24"]
[SourceVersion "1"]
[SourceVersionDate "2012.08.24"]
[SourceQuality "1"]

1. e4 c5 2. Nf3 a6 3. Nc3 b5 4. d4 cxd4 5. Nxd4 b4 6. Na4 Qa5 7. b3 Nf6 8. Bd3 Bb7 9. Qe2 Nc6 10. Bb2 e5 11. Nf5 g6 12. Ne3 Bg7 13. Nc4 Qc7 14. Nab6 Rd8 15. Nd5 Qb8 16. f4 d6 17. 0-0 Nxd5 18. exd5 Qa7+ 19. Kh1 Nd4 20. Qf2 0-0 21. f5 Bf6 22. Ne3 Nxf5 23. Ng4 Qxf2 24. Nxf6+ Kg7 25. Rxf2 Kxf6 26. g4 Bxd5+ 27. Kg1 Kg5 28. gxf5 e4 29. Bc4 Bb7 30. Rg2+ Kh6 31. Bf6 1-0